[Event "4NCL Division 2c"]
[Site "Telford, ENG"]
[Date "2018.03.18"]
[Round "8.42"]
[White "Moreby, James"]
[Black "Murphy, Hugh W"]
[Result "1/2-1/2"]
[WhiteElo "2230"]
[BlackElo "2096"]
[PlyCount "166"]
[EventDate "2018.03.18"]
[WhiteTeam "North East England"]
[BlackTeam "Grantham Sharks 2"]

1. c4 b6 2. Nc3 Bb7 3. d4 e6 4. e4 Bb4 5. f3 f5 6. exf5 Nh6 7. fxe6 Nf5 8. g3
O-O 9. Bg2 dxe6 10. a3 Be7 11. Nge2 Nc6 12. d5 Ne5 13. b3 Bc5 14. Bf4 Ne3 15.
Bxe3 Bxe3 16. Rf1 exd5 17. Nxd5 Bxd5 18. Qxd5+ Kh8 19. Rd1 Qf6 20. Qe4 Bc5 21.
b4 Bd6 22. Kf2 a5 23. c5 bxc5 24. b5 c4 25. Kg1 Bc5+ 26. Kh1 Rad8 27. Nf4 Rxd1
28. Rxd1 g5 29. Nd5 Nd3 30. Rf1 Qd4 31. Qxd4+ Bxd4 32. Nxc7 Rf6 33. Nd5 Rd6 34.
f4 c3 35. Be4 Nf2+ 36. Rxf2 Bxf2 37. Nxc3 gxf4 38. gxf4 Rd2 39. Bc6 Rb2 40. Ne4
Bd4 41. Nd6 Rf2 42. Nc4 Rxf4 43. Nxa5 Bb6 44. Nb7 Ra4 45. Nd6 Bc5 46. Ne4 Bb6
47. Kg2 Rxa3 48. Ng3 Ra2+ 49. Kh3 Bc7 50. Bg2 Rb2 51. Bc6 Kg7 52. Be8 Kf6 53.
Bc6 h6 54. Be8 Ke7 55. Bc6 Kd8 56. Nf1 Kc8 57. Be8 Kb7 58. Bc6+ Kb6 59. Kg4
Bxh2 60. Nxh2 Rxh2 61. Kg3 Rh5 62. Kg4 Rc5 63. Kh4 Kc7 64. Kg4 Kd8 65. Kh4 Ke7
66. Kg4 Kf6 67. Kh4 Kg7 68. Kg4 Kf6 69. Kh4 Ke7 70. Kg4 Kd6 71. Kh4 Rg5 72. Kh3
Rg8 73. Kh4 Rg5 74. Kh3 Ke5 75. b6 Kf4 76. b7 Rg3+ 77. Kh4 Rb3 78. Kh5 Rb6 79.
Ba4 Rxb7 80. Kxh6 Kf5 81. Bc2+ Kf6 82. Kh5 Rb4 83. Bd3 Rd4 1/2-1/2

[Event "4NCL Division 2c"]
[Site "Telford, ENG"]
[Date "2018.03.18"]
[Round "8.43"]
[White "Tavares, Shawn P"]
[Black "Wall, Tim P"]
[Result "0-1"]
[WhiteElo "2148"]
[BlackElo "2235"]
[PlyCount "122"]
[EventDate "2018.03.18"]
[WhiteTeam "Grantham Sharks 2"]
[BlackTeam "North East England"]

1. e4 e5 2. Nf3 Nc6 3. Bc4 Bc5 4. b4 Bxb4 5. c3 Be7 6. d4 Na5 7. Nxe5 Nxc4 8.
Nxc4 d5 9. exd5 Qxd5 10. Ne3 Qd8 11. O-O Nf6 12. Ba3 O-O 13. Re1 Bxa3 14. Nxa3
Be6 15. Nac4 c6 16. Ne5 Qa5 17. c4 Rad8 18. Rb1 Qc7 19. Qa4 Rxd4 20. Nf3 Rdd8
21. Qxa7 Bc8 22. Qb6 Qxb6 23. Rxb6 Rfe8 24. h3 Ne4 25. Rb2 Nc5 26. Rd1 Rxd1+
27. Nxd1 Be6 28. Ne3 f6 29. Nd4 Kf7 30. Nxe6 Kxe6 31. g4 Kd7 32. Rd2+ Kc7 33.
Kg2 Ra8 34. Re2 Nd3 35. Rd2 Ra3 36. h4 g6 37. Kf3 Ne5+ 38. Kf4 Nd3+ 39. Ke4
Nc5+ 40. Kf4 Nd3+ 41. Ke4 Nc5+ 42. Kf4 Rd3 43. Rd1 Kd6 44. g5 Ne6+ 45. Kg4 f5+
46. Kf3 Rxd1 47. Nxd1 Kc5 48. Ne3 Kd4 49. Ke2 Ke4 50. f3+ Kd4 51. Kd2 Nf4 52.
a3 b6 53. Nc2+ Kxc4 54. Nb4 c5 55. Nc6 Kb3 56. Ne5 c4 57. Ke3 Ne6 58. a4 c3 59.
a5 bxa5 60. Nc6 c2 61. Nxa5+ Kc3 0-1

[Event "4NCL Division 2c"]
[Site "Telford, ENG"]
[Date "2018.03.18"]
[Round "8.44"]
[White "Dunn, Andrew"]
[Black "Birtwistle, Nigel"]
[Result "1/2-1/2"]
[WhiteElo "2237"]
[BlackElo "2143"]
[PlyCount "40"]
[EventDate "2018.03.18"]
[WhiteTeam "North East England"]
[BlackTeam "Grantham Sharks 2"]

1. d4 Nf6 2. Nf3 c5 3. c3 g6 4. Bg5 Bg7 5. Nbd2 d5 6. e3 b6 7. Bb5+ Bd7 8. Bd3
Nc6 9. h3 O-O 10. Qe2 Bc8 11. O-O Bb7 12. Rfe1 Nd7 13. e4 cxd4 14. exd5 Nce5
15. cxd4 Nxd3 16. Qxd3 Nf6 17. Bxf6 Bxf6 18. Ne4 Qxd5 19. Nxf6+ exf6 20. Re7
Rfe8 1/2-1/2

[Event "4NCL Division 2c"]
[Site "Telford, ENG"]
[Date "2018.03.18"]
[Round "8.45"]
[White "Russian, Carlo"]
[Black "Coathup, Roger H"]
[Result "0-1"]
[WhiteElo "1990"]
[BlackElo "2155"]
[PlyCount "64"]
[EventDate "2018.03.18"]
[WhiteTeam "Grantham Sharks 2"]
[BlackTeam "North East England"]

1. d4 Nf6 2. Nf3 g6 3. Bf4 Bg7 4. e3 d6 5. Be2 Nbd7 6. O-O O-O 7. h3 Ne4 8.
Nbd2 Nxd2 9. Qxd2 e5 10. Bh2 Qe7 11. c4 Re8 12. Rac1 exd4 13. Nxd4 a5 14. Nb5
Nc5 15. Rfd1 Bf5 16. g4 Be6 17. Bf3 Be5 18. b3 Red8 19. Bg2 Bxh2+ 20. Kxh2 f5
21. Nd4 fxg4 22. Nxe6 Nxe6 23. Bxb7 Rab8 24. Bd5 Rf8 25. hxg4 Qh4+ 26. Kg2
Qxg4+ 27. Kf1 Rf6 28. f3 Rxf3+ 29. Bxf3 Rf8 30. Qd3 Rxf3+ 31. Ke1 Qg3+ 32. Kd2
Rf2+ 0-1

[Event "4NCL Division 2c"]
[Site "Telford, ENG"]
[Date "2018.03.18"]
[Round "8.46"]
[White "Dalton, Joseph"]
[Black "James, Stephen B"]
[Result "1/2-1/2"]
[WhiteElo "2207"]
[BlackElo "1995"]
[PlyCount "53"]
[EventDate "2018.03.18"]
[WhiteTeam "North East England"]
[BlackTeam "Grantham Sharks 2"]

1. d4 Nf6 2. Nf3 g6 3. Nc3 d5 4. Bf4 Bg7 5. e3 O-O 6. Be2 c5 7. O-O cxd4 8.
exd4 Nc6 9. Re1 Bf5 10. Ne5 Rc8 11. a3 a6 12. Bf3 b5 13. g4 Be6 14. g5 Ne8 15.
Ne2 Nd6 16. Nxc6 Rxc6 17. b3 Nf5 18. Be5 Nh4 19. Bg2 Nxg2 20. Kxg2 Qd7 21. Nf4
Bf5 22. Bxg7 Kxg7 23. Rc1 Rfc8 24. Nd3 Bxd3 25. Qxd3 Qg4+ 26. Qg3 Qxg3+ 27.
hxg3 1/2-1/2

[Event "4NCL Division 2c"]
[Site "Telford, ENG"]
[Date "2018.03.18"]
[Round "8.47"]
[White "Batchelor, Guy J"]
[Black "Dargan, Paul A G"]
[Result "1/2-1/2"]
[WhiteElo "2005"]
[BlackElo "2207"]
[PlyCount "51"]
[EventDate "2018.03.18"]
[WhiteTeam "Grantham Sharks 2"]
[BlackTeam "North East England"]

1. e4 c5 2. Nc3 Nc6 3. Bb5 Nd4 4. Bc4 e6 5. d3 Nf6 6. f4 d5 7. Bb3 Nxb3 8. axb3
dxe4 9. dxe4 Qxd1+ 10. Kxd1 Bd7 11. Nf3 Bc6 12. Re1 c4 13. bxc4 Bb4 14. Bd2
Bxc3 15. Bxc3 Rd8+ 16. Ke2 Nxe4 17. Bb4 a6 18. Ne5 Rc8 19. Ke3 f6 20. Nf3 Kf7
21. Rad1 Rhd8 22. Rxd8 Rxd8 23. Nd4 Nd6 24. Bxd6 Rxd6 25. Nxc6 Rxc6 26. Kd3
1/2-1/2

[Event "4NCL Division 2c"]
[Site "Telford, ENG"]
[Date "2018.03.18"]
[Round "8.48"]
[White "Henderson, David"]
[Black "McLaverty, Claire E"]
[Result "1/2-1/2"]
[WhiteElo "2125"]
[BlackElo "1847"]
[PlyCount "58"]
[EventDate "2018.03.18"]
[WhiteTeam "North East England"]
[BlackTeam "Grantham Sharks 2"]

1. e4 e5 2. Nf3 Nc6 3. d4 exd4 4. Nxd4 Bc5 5. Be3 Bxd4 6. Bxd4 Nxd4 7. Qxd4 Qf6
8. e5 Qb6 9. Qc3 Ne7 10. Bc4 O-O 11. O-O d5 12. exd6 Qxd6 13. Na3 c6 14. Rad1
Qh6 15. Qe5 Nd5 16. Bxd5 cxd5 17. Qxd5 Be6 18. Qa5 b6 19. Qb4 Qf6 20. c4 Rfd8
21. Qb3 Rac8 22. Rxd8+ Rxd8 23. Rd1 h6 24. Rxd8+ Qxd8 25. Qc2 Qd4 26. h3 a6 27.
Qc1 Kh7 28. b4 g6 29. Qc2 h5 1/2-1/2